Normal view
MARC view
- ابو علفة،عصام الدين امين
Entry Personal Name
001 - CONTROL NUMBER
- control field: 34230
003 - CONTROL NUMBER IDENTIFIER
- control field: JO-AjAnu
005 - DATE AND TIME OF LATEST TRANSACTION
- control field: 20230606075733.0
008 - FIXED-LENGTH DATA ELEMENTS
- fixed length control field: 230606|| aca||aabn | a|a d
040 ## - CATALOGING SOURCE
- Original cataloging agency: JO-AjAnu
- Transcribing agency: JO-AjAnu
100 ## - HEADING--PERSONAL NAME
- Personal name: ابو علفة،عصام الدين امين
670 ## - SOURCE DATA FOUND
- Source citation: Work cat.: (JO-AjAnu)17578: ابو علفة،عصام الدين امين, author, اتجاهات تسويقية معاصرة:التسويق الدولي:تسويق متقدم، الجزء الرابع